<?xml version="1.0" encoding="UTF-8"?>
<record
    xmlns:xsi="http://www.w3.org/2001/XMLSchema-instance"
    xsi:schemaLocation="http://www.loc.gov/MARC21/slim http://www.loc.gov/standards/marcxml/schema/MARC21slim.xsd"
    xmlns="http://www.loc.gov/MARC21/slim">

  <leader>03252nam a2200349 a 4500</leader>
  <controlfield tag="001">000048746</controlfield>
  <controlfield tag="003">Ost</controlfield>
  <controlfield tag="005">20250129073606.0</controlfield>
  <controlfield tag="008">190411s2016    dr ac         000 0 spa d</controlfield>
  <datafield tag="020" ind1=" " ind2=" ">
    <subfield code="a">9789945161335</subfield>
  </datafield>
  <datafield tag="040" ind1=" " ind2=" ">
    <subfield code="a">DO-SdBNP</subfield>
    <subfield code="b">spa</subfield>
    <subfield code="c">BNPHU</subfield>
  </datafield>
  <datafield tag="082" ind1=" " ind2=" ">
    <subfield code="a">972.9304</subfield>
    <subfield code="b">E59s, 2016</subfield>
  </datafield>
  <datafield tag="245" ind1="0" ind2="0">
    <subfield code="a">Ensayos sobre la guerra restauradora /</subfield>
    <subfield code="c">edidtor Juan Daniel Balc&#xE1;cer ; presentaci&#xF3;n Jos&#xE9; Chez Checo.</subfield>
  </datafield>
  <datafield tag="250" ind1=" " ind2=" ">
    <subfield code="a">3ra. ed.</subfield>
  </datafield>
  <datafield tag="260" ind1=" " ind2=" ">
    <subfield code="a">Santo Domingo :</subfield>
    <subfield code="b">CPEP,</subfield>
    <subfield code="c">2016.</subfield>
  </datafield>
  <datafield tag="300" ind1=" " ind2=" ">
    <subfield code="a">371 p. :</subfield>
    <subfield code="b">il., retrs. ;</subfield>
    <subfield code="c">23 cm.</subfield>
  </datafield>
  <datafield tag="490" ind1="1" ind2=" ">
    <subfield code="a">Publicaciones de la Comisi&#xF3;n Permanente de Efem&#xE9;rides Patrias</subfield>
    <subfield code="v">23</subfield>
  </datafield>
  <datafield tag="490" ind1="1" ind2=" ">
    <subfield code="a">Academia Dominicana de la Historia</subfield>
    <subfield code="v">77</subfield>
  </datafield>
  <datafield tag="500" ind1=" " ind2=" ">
    <subfield code="a">Incluye datos biogr&#xE1;ficos de los ensayistas</subfield>
  </datafield>
  <datafield tag="500" ind1=" " ind2=" ">
    <subfield code="a">Incluye referencias bibliogr&#xE1;ficas y notas al pie de las p&#xE1;ginas</subfield>
  </datafield>
  <datafield tag="505" ind1="0" ind2=" ">
    <subfield code="a">Presentaci&#xF3;n --</subfield>
    <subfield code="r">Jos&#xE9; Chez Checo --</subfield>
    <subfield code="t">Palabras del Rector Magn&#xED;fico de la Universidad Aut&#xF3;noma de Santo Domingo Roberto Reyna --</subfield>
    <subfield code="t">Antecedentes hist&#xF3;ricos y sociol&#xF3;gicos de la anexi&#xF3;n a Espa&#xF1;a /</subfield>
    <subfield code="r">Manuel A. Pe&#xF1;a Batlle --</subfield>
    <subfield code="t">Examen cr&#xED;tico de la anexi&#xF3;n de Santo domingo a Espa&#xF1;a /</subfield>
    <subfield code="r">Alejandro Angulo Guridi --</subfield>
    <subfield code="t">Capotillo y la Restauraci&#xF3;n /</subfield>
    <subfield code="r">Alcides Garc&#xED;a Lluberes --</subfield>
    <subfield code="t">El d&#xED;a hist&#xF3;rico /</subfield>
    <subfield code="r">Alcides Garc&#xED;a Lluberes --</subfield>
    <subfield code="t">La batalla del 6 de septiembre de 1863 /</subfield>
    <subfield code="r">C&#xE9;sar Herrera --</subfield>
    <subfield code="t">Centenario de la Restauraci&#xF3;n. Ley 3, que declara el a&#xF1;o de 1963, A&#xF1;o Centenario de la Restauraci&#xF3;n Nacional --</subfield>
    <subfield code="t">Decreto 95, que crea la Comisi&#xF3;n Nacional del Centenario de la Restauraci&#xF3;n --</subfield>
    <subfield code="t">Programa de actividades del Centenario de la Restauraci&#xF3;n --</subfield>
    <subfield code="t">Homil&#xED;a de Monse&#xF1;or Hugo E. Planco Brito, en el Centenario de la Restauraci&#xF3;n --</subfield>
    <subfield code="t">Discurso del Presidente Juan Bosch, en el Centenario de la Restauraci&#xF3;n --</subfield>
    <subfield code="t">Elogio del gobierno de la Restauraci&#xF3;n /</subfield>
    <subfield code="r">Emilio Rodr&#xED;guez Demorizi --</subfield>
    <subfield code="t">La restauraci&#xF3;n y sus enlaces con la historia de occidente /</subfield>
    <subfield code="r">Pedro Troncoso S&#xE1;nchez --</subfield>
    <subfield code="t">Perfil nacionalista de Gregorio Luper&#xF3;n /</subfield>
    <subfield code="r">Hugo Tolentino Dipp --</subfield>
    <subfield code="t">Anexi&#xF3;n y Guerra Restauradora /</subfield>
    <subfield code="r">Juan Daniel Balc&#xE1;cer, Manuel Garc&#xED;a Ar&#xE9;valo --</subfield>
    <subfield code="t">Reflexiones sobre la Guerra de la Restauraci&#xF3;n /</subfield>
    <subfield code="r">Francisco Antonio Avelino --</subfield>
    <subfield code="t">Anexi&#xF3;n, restauraci&#xF3;n e Iglesia, 1860-1865 /</subfield>
    <subfield code="r">Antonio Llubers, sj. --</subfield>
    <subfield code="t">Caracter&#xED;sticas de la Guerra Restauradora, 1863-1865 /</subfield>
    <subfield code="r">Emilio Cordero Michel --</subfield>
    <subfield code="t">Notas sobre la participaci&#xF3;n haitiana en la Guerra Restauradora /</subfield>
    <subfield code="r">Ricardo Hern&#xE1;ndez --</subfield>
    <subfield code="t">Ap&#xE9;ndices -</subfield>
    <subfield code="t">Acta de Independencia, Santiago, 14 de septiembre de 1863 --</subfield>
    <subfield code="t">Adiciones y firmas en Luper&#xF3;n : notas autobiogr&#xE1;ficas --</subfield>
    <subfield code="t">Exposici&#xF3;n a S.M. la Reina de Espa&#xF1;a --</subfield>
    <subfield code="t">Exposici&#xF3;n al gobierno de Inglaterra --</subfield>
    <subfield code="t">Ram&#xF3;n Mella, a sus conciudadano --</subfield>
  </datafield>
  <datafield tag="590" ind1=" " ind2=" ">
    <subfield code="a">Inventariado, 2019/LP</subfield>
  </datafield>
  <datafield tag="650" ind1="1" ind2="4">
    <subfield code="a">Rep&#xFA;blica dominicana</subfield>
    <subfield code="x">Historia</subfield>
    <subfield code="y">Restauraci&#xF3;n, 1863-1865</subfield>
    <subfield code="9">585</subfield>
  </datafield>
  <datafield tag="650" ind1="1" ind2="4">
    <subfield code="a">Rep&#xFA;blica dominicana</subfield>
    <subfield code="x">Anexi&#xF3;n a Espa&#xF1;a 1861-1863</subfield>
    <subfield code="9">6070</subfield>
  </datafield>
  <datafield tag="650" ind1="1" ind2="0">
    <subfield code="a">Ensayos dominicanos</subfield>
    <subfield code="9">65</subfield>
  </datafield>
  <datafield tag="700" ind1="1" ind2=" ">
    <subfield code="a">Balc&#xE1;cer, Juan Daniel,</subfield>
    <subfield code="d">1949-</subfield>
    <subfield code="e">ed.</subfield>
    <subfield code="9">6566</subfield>
  </datafield>
  <datafield tag="700" ind1="1" ind2=" ">
    <subfield code="a">Chez Checo, Jos&#xE9;,</subfield>
    <subfield code="d">1949-</subfield>
    <subfield code="e">present.</subfield>
    <subfield code="9">10145</subfield>
  </datafield>
  <datafield tag="710" ind1="1" ind2=" ">
    <subfield code="a">Rep&#xFA;blica Dominicana</subfield>
    <subfield code="b">Comisi&#xF3;n Permanente de Efem&#xE9;rides Patria</subfield>
    <subfield code="9">45309</subfield>
  </datafield>
  <datafield tag="830" ind1=" " ind2="0">
    <subfield code="a">Publicaciones de la Comisi&#xF3;n Permanente de Efem&#xE9;rides Patrias;</subfield>
    <subfield code="n">23</subfield>
    <subfield code="9">76201</subfield>
  </datafield>
  <datafield tag="830" ind1=" " ind2="0">
    <subfield code="a">Academia Dominicana de la Historia;</subfield>
    <subfield code="n">77</subfield>
    <subfield code="9">6074</subfield>
  </datafield>
  <datafield tag="942" ind1=" " ind2=" ">
    <subfield code="2">ddc</subfield>
    <subfield code="c">LBS1</subfield>
  </datafield>
  <datafield tag="952" ind1=" " ind2=" ">
    <subfield code="0">0</subfield>
    <subfield code="1">0</subfield>
    <subfield code="5">4</subfield>
    <subfield code="7">0</subfield>
    <subfield code="8">DS</subfield>
    <subfield code="a">GR</subfield>
    <subfield code="b">GR</subfield>
    <subfield code="c">HD</subfield>
    <subfield code="d">2019-04-11</subfield>
    <subfield code="i">LF1</subfield>
    <subfield code="l">0</subfield>
    <subfield code="o">972.9304 E59s, 2016</subfield>
    <subfield code="p">48746-30</subfield>
    <subfield code="r">2020-06-25</subfield>
    <subfield code="t">e. 3</subfield>
    <subfield code="w">2020-06-25</subfield>
    <subfield code="y">LFDS</subfield>
    <subfield code="Z">Pr&#xE9;stamo en sala</subfield>
  </datafield>
  <datafield tag="952" ind1=" " ind2=" ">
    <subfield code="0">0</subfield>
    <subfield code="1">0</subfield>
    <subfield code="7">1</subfield>
    <subfield code="8">PD</subfield>
    <subfield code="a">PD</subfield>
    <subfield code="b">PD</subfield>
    <subfield code="c">HD</subfield>
    <subfield code="d">2019-04-11</subfield>
    <subfield code="i">LF1</subfield>
    <subfield code="l">0</subfield>
    <subfield code="o">972.9304 E59s, 2016</subfield>
    <subfield code="p">48746-10</subfield>
    <subfield code="r">2020-06-25</subfield>
    <subfield code="w">2020-06-25</subfield>
    <subfield code="y">LFPD</subfield>
    <subfield code="Z">No se presta</subfield>
  </datafield>
  <datafield tag="952" ind1=" " ind2=" ">
    <subfield code="0">0</subfield>
    <subfield code="1">0</subfield>
    <subfield code="7">1</subfield>
    <subfield code="8">PD</subfield>
    <subfield code="a">PD</subfield>
    <subfield code="b">PD</subfield>
    <subfield code="c">HD</subfield>
    <subfield code="d">2019-04-11</subfield>
    <subfield code="i">LF1</subfield>
    <subfield code="l">0</subfield>
    <subfield code="o">972.9304 E59s, 2016</subfield>
    <subfield code="p">48746-20</subfield>
    <subfield code="r">2020-06-25</subfield>
    <subfield code="t">e. 2</subfield>
    <subfield code="w">2020-06-25</subfield>
    <subfield code="y">LFPD</subfield>
    <subfield code="Z">No se presta</subfield>
  </datafield>
  <datafield tag="999" ind1=" " ind2=" ">
    <subfield code="c">48234</subfield>
    <subfield code="d">48234</subfield>
  </datafield>
</record>
